00489nam a2200193 a 4500001001300000003000900013005001700022008004100039020002500080082001400105100001600119245003800135260003400173300000900207500003500216505001000251650001800261700001600279nice12345678IN_TiNIC20260116013902.0050524s1985 newa grp 000 0 eng  a0812810 c621.600a953bGLU1 aGlubb, John aShort History of the Arab Peoples aNew YorkbStein and Dayc1985 a318p aincludes index and biblioraphy2 aIndex aArabs-History1 aGlubb, John